000 00946nam a22002177a 4500
003 OSt
005 20251008135115.0
008 251008b |||||||| |||| 00| 0 eng d
040 _c0
082 _aDPer 370.15 J826 January-February 2021 v. 113 n. 1-2
100 _aRatelle, Catherine F.
_eauthor.
_968713
245 _aThe role of mothers in supporting adaptation in school :
_ba psychological needs perspective /
_cCatherine F. Ratelle, Stephane Duchesne, David Litalien, and Andre Plamondon.
260 _aWashington, DC ;
_bAmerican Psychological Association ,
_cJanuary 2021.
300 _aVolume 113, pages 197-212 ;
_billustration ;
_c28 cm.
500 _aJournal of Educational Psychology, vol. 113, no. 1, pages 197-212, January 2021.
700 _aRatelle, Catherine F.
_eauthor.
_968713
710 _aDuchesne, Stephane.
_eauthor.
_968715
711 _aLitalien, David.
_jauthor.
_968716
711 _jauthor.
_968719
942 _2ddc
_cPER
999 _c24027
_d24027